Information systems : (Record no. 589168)

000 -LEADER
fixed length control field 01073cam a2200313 a 4500
001 - CONTROL NUMBER
control field 1201888
003 - CONTROL NUMBER IDENTIFIER
control field NUST
005 - DATE AND TIME OF LATEST TRANSACTION
control field 20220414135450.0
008 - FIXED-LENGTH DATA ELEMENTS--GENERAL INFORMATION
fixed length control field 990415s1999 txua b 001 0 eng
010 ## - LIBRARY OF CONGRESS CONTROL NUMBER
LC control number 98087395
020 ## - INTERNATIONAL STANDARD BOOK NUMBER
International Standard Book Number 0030224691
038 ## - RECORD CONTENT LICENSOR
Staff Name waseem
040 ## - CATALOGING SOURCE
Original cataloging agency DLC
Transcribing agency DLC
050 00 - LIBRARY OF CONGRESS CALL NUMBER
Classification number T58.6
Item number .G63 1999
082 00 - DEWEY DECIMAL CLASSIFICATION NUMBER
Classification number 658.40380285
Author Mark GOR
100 1# - MAIN ENTRY--PERSONAL NAME
Personal name Gordon, Judith R.
9 (RLIN) 90963
245 10 - TITLE STATEMENT
Title Information systems :
Remainder of title a management approach /
Statement of responsibility, etc. Judith R. Gordon, Steven R. Gordon.
250 ## - EDITION STATEMENT
Edition statement 2nd ed.
260 ## - PUBLICATION, DISTRIBUTION, ETC.
Place of publication, distribution, etc. New York :
Name of publisher, distributor, etc. Dryden Press,
Date of publication, distribution, etc. c1999.
300 ## - PHYSICAL DESCRIPTION
Extent xxxi, 586, [27] p. :
Other physical details col. ill. ;
Dimensions 27 cm.
500 ## - GENERAL NOTE
General note Steven Gordon's name appears first on the earlier edition.
504 ## - BIBLIOGRAPHY, ETC. NOTE
Bibliography, etc. note Includes bibliographical references and indexes.
563 ## - BINDING INFORMATION
Binding note HBK.
650 #0 - SUBJECT ADDED ENTRY--TOPICAL TERM
Topical term or geographic name entry element Management information systems.
700 1# - ADDED ENTRY--PERSONAL NAME
Personal name Gordon, Steven R.
9 (RLIN) 90964
906 ## - LOCAL DATA ELEMENT F, LDF (RLIN)
a 7
b cbc
c orignew
d 2
e opcn
f 19
g y-gencatlg
942 ## - ADDED ENTRY ELEMENTS (KOHA)
Source of classification or shelving scheme
Koha item type Book
Holdings
Withdrawn status Lost status Source of classification or shelving scheme Damaged status Not for loan Permanent Location Current Location Shelving location Date acquired Source of acquisition Total Checkouts Full call number Barcode Date last seen Price effective from Koha item type
          Central Library (CL) Central Library (CL) Management Sciences 04/14/2022 Donation   658.40380285 GOR CL-D-1649 04/14/2022 04/14/2022 Book
© 2023 Central Library, National University of Sciences and Technology. All Rights Reserved.